Films avec Charlotte Gainsbourg par image - Statistiques

Statistiques générales
  • Ce quiz a été pris 30 fois
  • Le résultat moyen est 4 sur 16
Statistiques - réponses
Par images Réponse % Correct
L'Effrontée
56%
Prête-moi ta main
48%
Samba
48%
La Promesse de l'aube
41%
Melancholia
33%
Nous, les Leroy
33%
La Petite voleuse
30%
Ils se marièrent et eurent beaucoup d'enfants
26%
La Bûche
22%
Ma femme est une actrice
22%
La Science des rêves
19%
La Vie pour de vrai
19%
Merci la vie
19%
L'Un reste, l'autre part
11%
Independence Day: Resurgence
7%
Lemming
4%
Aucun quiz correspondant
Distribution des résultats
% des personnes avec chaque résultat
Percentile par nombre de réponses
Votre historique - résultats
Vous n’avez pas pris ce quiz